Tokoh ulama nusantara
| Main Author: | |
|---|---|
| Format: | Book |
| Published: |
Kuala Lumpur :
Berita Publishing Sdn. Bhd. ,
1993
|
| Subjects: |
MARC
| LEADER | 00000cam a2200000 7i4500 | ||
|---|---|---|---|
| 001 | 0000004668 | ||
| 002 | 000005035 | ||
| 005 | 20020509.0 | ||
| 020 | |a 9679693120 | ||
| 090 | 0 | 0 | |a 922.97 |b TAT |
| 100 | 0 | |a Tajuddin Saman | |
| 245 | 1 | 0 | |a Tokoh ulama nusantara |c Tajuddin Seman |
| 260 | |a Kuala Lumpur : |b Berita Publishing Sdn. Bhd. , |c 1993 | ||
| 300 | |a 176p. : |b 175cm | ||
| 650 | 0 | 0 | |a Ulama |z Asia,South Eastern |x Biography |
| 999 | |a 032700 |b BUKU |c PINJAMAN |e PERPUSTAKAAN KOMUNITI PETALING JAYA | ||
| 999 | |a 032701 |b BUKU |c PINJAMAN |e PERPUSTAKAAN KOMUNITI PETALING JAYA | ||